00357cam a22001214a 4500020002800000040000800028082002600036100001800062245005000080260005100130300003300181650002100214 a0792367812 (alk. paper) cDLC00a581 KLU 2001 C151 Or.1 aWickens, G. E10aEconomic botany :bprinciples and practices / aDordrecht ;aBoston :bKluwer Academic,cc2001 axiv, 535 p. :bill. ;c25 cm 0aBotany, Economic